000 00753nam a2200253Ia 4500
003 OSt
005 20220927110354.0
006 a|||||r|||| 00| 0
007 ta
008 220926b |||||||| |||| 00| 0 eng d
024 _a31201
037 _cReports
040 _aRTL
_cRTL
_beng
041 _2eng
_aeng
082 _a"X:54.573s, L9/GD"
110 _a"Norway, Central Bureau Of Statistics (Bureau of-)"
_9377029
245 0 _aCommodity list for external trade statistics
260 _aNorwey
_bOslo Govt Press
_c1979
300 _a125p.
_ccm.
650 _aInternational Trade
700 _a"Norway, Central Bureau Of Statistics (Bureau of-)"
_9377030
942 _h"X:54.573s, L9/GD"
_cCC
999 _c695983
_d695983